000 00727cam a22002533a 4500
001 31499
003 PGUSA
005 20140828083700.0
008 100304s2010||||xxu|||||s|||||000 1 eng d
040 _aPGUSA
_beng
042 _adc
050 4 _aPZ
100 1 _aStewart, Jane L.
245 1 2 _aA Campfire Girl's Happiness
_h[electronic resource] /
_cJane L. Stewart
260 _bProject Gutenberg,
_c2010
506 _aPublic domain in the USA.
516 _aElectronic text
653 _aChildren's stories
653 _aCamp Fire Girls -- Juvenile fiction
740 0 _aThe Camp Fire Girls at the Seashore
830 0 _aProject Gutenberg
_v31499
856 4 0 _uhttp://www.gutenberg.org/ebooks/31499
942 _cEB
999 _c260754
_d260754